Trendy a budúcnosť poistenia katastrofických rizík

Poukázanie na niektoré závažné dôsledky veľkých katastrofických rizík na poistný sektor a na spoločnosť. Analýza trendov výskytu veľkých katastrofických udalostí s ich následkami a možnými predikciami do budúcnosti. Pohľad na poistiteľnosť takýchto rizík v budúcnosti. V príspevku sú načrtnuté možné...

Descrizione completa

Salvato in:
Dettagli Bibliografici
Autore principale: Marko, Peter
Natura: Capitolo di libro
Lingua:slovacco
Soggetti:
Tags: Aggiungi Tag
Nessun Tag, puoi essere il primo ad aggiungerne!!

MARC

LEADER 00000nla$a2200000$$$4500
001 0067195
005 20240502083200.3
041 0 |a slo 
044 |a CZ 
245 1 0 |a Trendy a budúcnosť poistenia katastrofických rizík  |c Peter Marko 
520 |a Poukázanie na niektoré závažné dôsledky veľkých katastrofických rizík na poistný sektor a na spoločnosť. Analýza trendov výskytu veľkých katastrofických udalostí s ich následkami a možnými predikciami do budúcnosti. Pohľad na poistiteľnosť takýchto rizík v budúcnosti. V príspevku sú načrtnuté možné východiská, vrátane sekuritizácie rizík, ktoré by mohli zachovať poistiteľnosť katastrofických rizík aj pri pokračovaní nepriaznivých trendov. 
610 2 0 |a riziko poistné 
610 2 0 |a udalosti poistné 
610 2 0 |a sekuritizácia 
610 2 0 |a riziko 
100 1 |a Marko, Peter